| 000 | 00517nam a2200181Ia 4500 | ||
|---|---|---|---|
| 005 | 20250423100933.0 | ||
| 008 | 250422s9999 xx 000 0 und d | ||
| 020 | _a9789351117308 | ||
| 050 | _aHV 1451 .E63/ | ||
| 100 | _aEqbal, Afroze | ||
| 245 | 0 | _aSocial in ageing | |
| 260 | _aNew Delhi, India | ||
| 260 | _bRandom publications | ||
| 260 | _c2015 | ||
| 300 | _a318 p | ||
| 650 | _aOlder people--Services for. Thanatology. Terminally ill--Services for. Bereavement--Psychological aspects. | ||
| 942 | _cBK | ||
| 999 |
_c34796 _d34796 |
||